Integrated land and water management for food security / (Record no. 91403)

MARC details
000 -LEADER
fixed length control field 00702nam a22002057a 4500
010 ## - LCCN (DPL NO)
LC control number ENG-112169
020 ## - INTERNATIONAL STANDARD BOOK NUMBER
International Standard Book Number 9788174877260
Terms of availability 495.00
020 ## - INTERNATIONAL STANDARD BOOK NUMBER
International Standard Book Number 8174877266
Terms of availability 495.00
035 ## - SYSTEM CONTROL NUMBER
System control number EN-95701
037 ## - SOURCE OF ACQUISITION
Source of stock number/acquisition DBAD/PUB
082 ## - DEWEY DECIMAL CLASSIFICATION NUMBER
Classification number 333.7313909542
245 ## - TITLE STATEMENT
Title Integrated land and water management for food security /
Statement of responsibility, etc edited by K.N. Singh , S.K. Singh [and] S.N. Singh
260 ## - PUBLICATION, DISTRIBUTION, ETC. (IMPRINT)
Place of publication, distribution, etc New Delhi
Name of publisher, distributor, etc Radha Publications
Date of publication, distribution, etc 2011
270 ## - ADDRESS
Address 4231/1, Ansari Road, Daryaganj
City New Delhi
Postal code 110002
300 ## - PHYSICAL DESCRIPTION
Extent xii,188p. :
Dimensions 22cm(Hb)
Other physical details ill.,maps
500 ## - GENERAL NOTE
General note Includes bibliographical references
700 ## - ADDED ENTRY--PERSONAL NAME
Personal name Singh,S.K.
700 ## - ADDED ENTRY--PERSONAL NAME
Personal name Singh,S.N.
942 ## - ADDED ENTRY ELEMENTS (KOHA)
Source of classification or shelving scheme Dewey Decimal Classification
Item type English Books
Call number suffix INT
Classification part 333.7313909542
Holdings
Withdrawn status Lost status Not for loan Collection code Home library Current library Date acquired Source of acquisition Cost, normal purchase price Full call number Barcode Copy number Cost, replacement price Koha item type
    Not For Loan Non-fiction D.B.Act.Division D.B.Act.Division 13/02/2015 DBAD/PUB 495.00 333.7313909542 INT EN-95701 1 495.00 English Books

© Delhi Public Library
Hit Counter
free hit counter